000 00224nam a22000977a 4500
008 140109t xxu||||| |||| 00| 0 eng d
100 _aJaveed Chaudhry
_9595
245 _aMajmoa Javeed Chaudhry
300 _a400
942 _2ddc
_cBK
999 _c16861
_d16861